Statistics for A High Speed Rail from Karlsruhe to Kabul

Click here to take the quiz!

General Stats

  • This quiz has been taken 15 times
  • The average score is 31 of 62

Answer Stats

StationsCountry% Correct
IstanbulTurkey
100%
Istanbul AirportTurkey
100%
Istanbul AnatoliaTurkey
100%
Istanbul AsianTurkey
100%
Istanbul EuropeanTurkey
100%
MunichGermany
100%
SalzburgAustria
100%
SkopjeNorth Macedonia
100%
Skopje AirportNorth Macedonia
100%
AnkaraTurkey
92%
Ankara AirportTurkey
92%
Ankara CityTurkey
92%
KabulAfghanistan
92%
Kabul CityAfghanistan
92%
Kabul WestAfghanistan
92%
KarlsruheGermany
92%
PodgoricaMontenegro
92%
SofiaBulgaria
92%
Sofia AirportBulgaria
92%
Sofia CityBulgaria
92%
SplitCroatia
92%
StuttgartGermany
83%
TehranIran
83%
Munich AirportGermany
75%
Munich CityGermany
75%
Stuttgart AirportGermany
75%
AugsburgGermany
67%
TriestItaly
67%
RijekaCroatia
58%
Tehran AirportIran
58%
Tehran CityIran
58%
Tehran EastIran
58%
Tehran SouthIran
58%
EdirneTurkey
33%
TabrizIran
33%
Tabriz AirportIran
33%
Tabriz CityIran
33%
VanTurkey
25%
ErzurumTurkey
17%
Erzurum CityTurkey
17%
HeratAfghanistan
17%
Herat CityAfghanistan
17%
PrizrenKosovo
17%
AgriTurkey
8%
ArdabilIran
8%
CorluTurkey
8%
PlowdiwBulgaria
8%
BirjandIran
0%
BoluTurkey
0%
DüzkeTurkey
0%
ErzincanTurkey
0%
GebzeTurkey
0%
IzmitTurkey
0%
KirikkaleTurkey
0%
QazvinIran
0%
RashtIran
0%
Rasht AirportIran
0%
SakaryaTurkey
0%
SilivriTurkey
0%
SivasTurkey
0%
TekirdagTurkey
0%
YozgatTurkey
0%

Score Distribution

Percentile by Number Answered

Percent of People with Each Score

Your Score History

You have not taken this quiz